[Event "Airthings Play In Match"]
[Site "Chess.com INT"]
[Date "2023.02.03"]
[Round "1.2"]
[White "Azarov, Sergei Nikolaevich"]
[Black "Iniyan, Panneerseluam"]
[Result "0-1"]
[WhiteElo "2559"]
[BlackElo "2514"]
[PlyCount "122"]
[EventDate "2023.02.03"]
[EventType "k.o. (rapid)"]
[EventRounds "1"]
[EventCountry "USA"]
[SourceTitle "CBM 212 Extra"]
[Source "ChessBase"]
[SourceDate "2023.03.31"]
[SourceVersion "1"]
[SourceVersionDate "2023.03.31"]
[SourceQuality "1"]

1. e4 c5 2. Nf3 d6 3. d4 cxd4 4. Nxd4 Nf6 5. Nc3 a6 6. Bg5 e6 7. f4 Nbd7 8. Qf3 Qc7 9. 0-0-0 b5 10. f5 e5 11. Nde2 Bb7 12. Bxf6 Nxf6 13. Ng3 Rc8 14. Bd3 b4 15. Nce2 d5 16. Kb1 Be7 17. exd5 Bxd5 18. Ne4 Qc6 19. N2g3 Nd7 20. Nh5 g6 21. f6 Bd8 22. Nhg3 Nxf6 23. Rhf1 Kf8 24. Qf2 Kg7 25. Nxf6 Qxf6 26. Bf5 Be6 27. Bxe6 Qxe6 28. Ne4 Be7 29. g4 Rc4 30. Rde1 Rhc8 31. Re2 a5 32. g5 a4 33. Qh4 b3 34. Qh6+ Kh8 35. Nf6 Bxf6 36. gxf6 bxc2+ 37. Rxc2 Rg8 38. Rxc4 Qxc4 39. Qh3 Rc8 40. a3 Qc2+ 41. Ka1 Rb8 42. Rb1 Qc6 43. Qh4 h5 44. Qg5 Kh7 45. Qxe5 Rb6 46. Qd4 Qxf6 47. Qxa4 Qe5 48. Qc2 h4 49. Rf1 Kg7 50. Qd2 Rb3 51. Ka2 Re3 52. Rd1 Re2 53. Qd4 Qxd4 54. Rxd4 Rxh2 55. a4 h3 56. a5 g5 57. a6 Re2 58. a7 Re8 59. b4 Ra8 60. Rd1 Rxa7+ 61. Kb3 g4 0-1

[Event "Airthings Masters Play In"]
[Site "Chess.com INT"]
[Date "2023.02.03"]
[Round "3"]
[White "Azarov, Sergei Nikolaevich"]
[Black "Puranik, Abhimanyu Sameer"]
[Result "1-0"]
[WhiteElo "2559"]
[BlackElo "2596"]
[PlyCount "123"]
[EventDate "2023.02.03"]
[EventType "swiss (rapid)"]
[EventRounds "9"]
[EventCountry "USA"]
[SourceTitle "CBM 212 Extra"]
[Source "ChessBase"]
[SourceDate "2023.03.31"]
[SourceVersion "1"]
[SourceVersionDate "2023.03.31"]
[SourceQuality "1"]

1. e4 e5 2. Nf3 Nc6 3. Bb5 a6 4. Ba4 Nf6 5. 0-0 b5 6. Bb3 Bb7 7. d3 Bd6 8. a3 0-0 9. Nc3 h6 10. Ne2 Bc5 11. Ng3 d5 12. exd5 Nxd5 13. c3 Re8 14. Ne4 Be7 15. Re1 Qd7 16. d4 exd4 17. cxd4 Rad8 18. Bd2 Nf6 19. Nc5 Bxc5 20. dxc5 Ne4 21. Be3 Qf5 22. Qc2 Na5 23. Ba2 Bd5 24. Bxd5 Qxd5 25. Bf4 Qb3 26. Rac1 Qxc2 27. Rxc2 Nc4 28. c6 g5 29. Bxc7 Rc8 30. Bg3 Rxc6 31. Rce2 Rce6 32. Bc7 Nc5 33. Rxe6 Rxe6 34. Rb1 Nd3 35. b3 Nxa3 36. Rd1 Nc5 37. Bd6 Nxb3 38. Bxa3 Na5 39. h4 Nc4 40. Bb4 a5 41. Bc3 b4 42. Ba1 b3 43. hxg5 b2 44. Bxb2 Nxb2 45. Rd8+ Kh7 46. Rd7 Kg7 47. gxh6+ Rxh6 48. Ra7 Rh5 49. g4 Rd5 50. Kg2 Nc4 51. Kg3 Nd6 52. Nh4 Rd4 53. Ra6 Ne4+ 54. Kg2 Rd5 55. Nf5+ Kh7 56. Rh6+ Kg8 57. Ra6 Kh7 58. f3 Nc3 59. Rf6 Kg8 60. Ne7+ Kg7 61. Nxd5 Nxd5 62. Ra6 1-0

[Event "Titled Tuesday intern op 31st Jan Early"]
[Site "Chess.com INT"]
[Date "2023.01.31"]
[Round "4"]
[White "Azarov, Sergei Nikolaevich"]
[Black "Bethke, Richard"]
[Result "1-0"]
[WhiteElo "2562"]
[BlackElo "2369"]
[PlyCount "121"]
[EventDate "2023.01.31"]
[EventType "swiss (blitz)"]
[EventRounds "11"]
[EventCountry "USA"]
[SourceTitle "CBM 212 Extra"]
[Source "ChessBase"]
[SourceDate "2023.03.31"]
[SourceVersion "1"]
[SourceVersionDate "2023.03.31"]
[SourceQuality "1"]

1. e4 c5 2. Nf3 d6 3. d4 cxd4 4. Nxd4 Nf6 5. Nc3 a6 6. Be2 e5 7. Nb3 Be7 8. 0-0 0-0 9. Kh1 Nc6 10. f4 b5 11. Bf3 Be6 12. Nd5 Rc8 13. a4 Bxd5 14. exd5 Nb4 15. c3 e4 16. Be2 Nbxd5 17. axb5 axb5 18. Bxb5 Qb6 19. Nd4 Ra8 20. Rxa8 Rxa8 21. Bc6 Ra1 22. Qe2 e3 23. Kg1 Bf8 24. g3 Ne7 25. Bf3 Ned5 26. Qc4 e2 27. Qxe2 h6 28. Kg2 Rb1 29. Qd3 Ra1 30. Nf5 Nc7 31. Be3 Qxb2+ 32. Rf2 Qb3 33. Bd4 Ne6 34. Bxf6 gxf6 35. Bd5 Qb1 36. Qxb1 Rxb1 37. Re2 Rc1 38. c4 Rc3 39. h4 Nc7 40. Re8 Nxd5 41. cxd5 Rd3 42. Nxh6+ Kh7 43. Rxf8 Kxh6 44. Rxf7 Kg6 45. Rd7 Rxd5 46. g4 Rd3 47. f5+ Kh6 48. Rf7 d5 49. Rxf6+ Kg7 50. Rg6+ Kh7 51. Rd6 d4 52. g5 Rd1 53. Rd7+ Kg8 54. f6 Rd2+ 55. Kg3 Rd1 56. Kg2 Rd2+ 57. Kh3 Rd1 58. g6 Rh1+ 59. Kg4 Rg1+ 60. Kh5 Re1 61. Rd8+ 1-0